3210-鳥取市(鳥取県)の駅 - Statistics

General Stats
  • This quiz has been taken 18 times
  • The average score is 8 of 9
Answer Stats
Answer % Correct
鳥取
100%
福部
93%
湖山
93%
鳥取大学前
93%
末恒
80%
宝木
80%
浜村
80%
青谷
80%
津ノ井
80%
No matching quizzes found
Score Distribution
Percent of People with Each Score
Percentile by Number Answered
Your Score History
You have not taken this quiz